UK Damselflies - Statistics

General Stats
  • This quiz has been taken 14 times
    13 since last reset
  • The average score is 13 of 21
Answer Stats
Damselflies % Correct
Azure Damselfly
100%
Banded Demoiselle
100%
Beautiful Demoiselle
100%
Common Blue Damselfly
100%
Emerald Damselfly
100%
Blue-Tailed Damselfly
83%
Large Red Damselfly
83%
Small Red Damselfly
67%
Willow Emerald Damselfly
67%
Northern Damselfly
50%
Red-Eyed Damselfly
50%
Scarce Blue-Tailed Damselfly
50%
Southern Damselfly
50%
Variable Damselfly
50%
White-Legged Damselfly
50%
Dainty Damselfly
33%
Irish Damselfly
33%
Scarce Emerald Damselfly
33%
Small Red-Eyed Damselfly
33%
Southern Emerald Damselfly
33%
Winter Damselfly
33%
No matching quizzes found
Score Distribution
Percent of People with Each Score
Percentile by Number Answered
Your Score History
You have not taken this quiz since the last reset